000 00270nam a22001217a 4500
008 171127b xxu||||| |||| 00| 0 eng d
041 _aeng
080 _a7
100 _a44
101 _aART
245 _aPAUL SAWYIER AND HIS PAINTINGS
_cJILLSON, W.R
942 _2udc
_cBK
999 _c38600
_d38600